Fatherhood : rising to the ultimate challenge / ... Read More
Available copies
- 1 of 1 copy available at LARL/NWRL Consortium.
- 1 of 1 copy available at Lake Agassiz Regional Library. (Show preferred library)
Current holds
0 current holds with 1 total copy.
Show Only Available Copies
| Location | Call Number / Copy Notes | Barcode | Shelving Location | Status | Due Date |
|---|---|---|---|---|---|
| Crookston Public Library | 306.8742 THO (Text) | 33500010806834 | Main | Available | - |
Record details
- ISBN: 9780451236739 (hbk.)
- ISBN: 0451236734 (hbk.)
- Physical Description: xxii, 291 p. ; 24 cm.
- Publisher: New York : New American Library, 2012.
Content descriptions
| Formatted Contents Note: | Got to be there : spending time with your children ... Read More |
| Summary, etc.: | Beloved NBA player, poet, youth advocate, and ... Read More |
Search for related items by subject
| Subject: | Fatherhood Parenting. Parent and child. |
| LDR | 03022cam a2200361 a 4500 | ||
|---|---|---|---|
| 001 | 143138 | ||
| 003 | LARL_NWRL_CONSORTIUM | ||
| 005 | 20120621155222.0 | ||
| 008 | 111028s2012 nyu 000 0 eng | ||
| 010 | . | ‡a2011045100 | |
| 019 | . | ‡a788432047 | |
| 020 | . | ‡a9780451236739 (hbk.) | |
| 020 | . | ‡a0451236734 (hbk.) | |
| 035 | . | ‡a(OCoLC)741538466 ‡z(OCoLC)788432047 | |
| 040 | . | ‡aDLC ‡beng ‡cDLC ‡dIG# ‡dBTCTA ‡dBDX ‡dOCO ‡dBUR ‡dGPI ‡dCDX ‡dZGV ‡dORX ‡dVP@ | |
| 050 | 0 | 0. | ‡aHQ756 ‡b.T476 2012 |
| 082 | 0 | 0. | ‡a306.874/2 ‡223 |
| 100 | 1 | . | ‡aThomas, Etan. |
| 245 | 1 | 0. | ‡aFatherhood : ‡brising to the ultimate challenge / ‡cEtan Thomas with Nick Chiles ; foreword by Tony Dungy. |
| 260 | . | ‡aNew York : ‡bNew American Library, ‡c2012. | |
| 300 | . | ‡axxii, 291 p. ; ‡c24 cm. | |
| 505 | 0 | . | ‡aGot to be there : spending time with your children -- Happy feelings : finding joy with your children -- Stronger than pride : showing love to your children -- You've got a friend : using elders to deliver honesty and wisdom to your children -- The roots of a tree : reaching back into history to lift up your children -- Sky is the limit : helping children overcome fatherlessness -- Don't believe the hype : fighting the stereotypes that can overwhelm your children -- Redemption song : overcoming anger : you have to let it go -- Dear mama : helping mothers shoulder the burden -- Wake up, everybody : examining Bill Cosby's plea for responsible fathers -- Poem by Etan Thomas -- Conclusion by Dr. Cornel West. |
| 520 | . | ‡aBeloved NBA player, poet, youth advocate, and devoted dad Etan Thomas speaks from his heart on what matters most in his life: being there for his children. As a participant in President Obama's Fatherhood Initiative, Etan has reached out to young men (often young fathers) in the juvenile detention system and in local communities. He knows firsthand the difference having a father in your life can make. Now he brings together a chorus of voices--athletes and coaches, performers, politicians and leaders of faith--to weigh in on the importance of being a father today. Isaiah Washington, Howard Dean, Kareem Abdul-Jabbar, Taye Diggs, Malcolm-Jamal Warner, Tony Hawk, Al Sharpton, Chuck D, and many more share what they've learned from being a father, having a father, or in some cases not having a father around. By taking an active role as fathers, men not only find their own lives more joyful and fulfilling--they pass on to the next generation a legacy of love, wisdom, responsibility, and strength.--From publisher description. | |
| 650 | 0. | ‡aFatherhood ‡0(LARL_NWRL_CONSORTIUM)37380 | |
| 650 | 0. | ‡aParenting. ‡0(LARL_NWRL_CONSORTIUM)27607 | |
| 650 | 0. | ‡aParent and child. ‡0(LARL_NWRL_CONSORTIUM)27598 | |
| 700 | 1 | . | ‡aChiles, Nick. ‡0(LARL_NWRL_CONSORTIUM)188476 |
| 948 | . | ‡hNO HOLDINGS IN LAL - 290 OTHER HOLDINGS | |
| 994 | . | ‡aZ0 ‡bLAL | |
| 901 | . | ‡a143138 ‡bOCLC ‡c143138 ‡tbiblio | |

Add to basket
Permalink
Disable Highlighting